| 000 | 01645nam a22004094i 4500 | ||
|---|---|---|---|
| 999 |
_c63690 _d63690 |
||
| 001 | 768714001 | ||
| 003 | CO-MdFUSB | ||
| 005 | 20200415151150.0 | ||
| 007 | cr cn||||||||| | ||
| 008 | 130716t2013 sp gsb 000 0 spa d | ||
| 020 |
_a9788498309218 _qelectrónico |
||
| 040 |
_aCO-MdFUSBC _bspa. _cCO-MdFUSB _dCO-MdFUSBC _erda |
||
| 041 | _aspa | ||
| 082 | 0 | 4 |
_a248.4 _223 |
| 100 |
_aBlázquez, Ricardo _eautor |
||
| 245 | 1 | 3 |
_aLa vida cristiana bajo el impulso del espíritu _c/ Ricardo Blázquez , Dolores Aleixandre , José Antonio Alcain. _helectrónico |
| 264 | 1 |
_aEspaña : _bUniversidad de Deusto, _c[2013] |
|
| 264 | 4 | _c© 2013 | |
| 300 |
_arecurso en línea (87 páginas) _c; |
||
| 336 |
_2rdacontent _atexto _btxt |
||
| 337 |
_2rdamedia _ainformático _bc |
||
| 338 |
_2rdacarrier _aremoto _bcr |
||
| 347 |
_2rda _afichero de texto _bhtml |
||
| 490 | 1 | _aCuadernos de Teología Deusto | |
| 505 | _aEl Espíritu Santo y la Iglesia. -- A zaga de su huella. El Espíritu Santo en la vida. -- Bibliografía sobre el Espíritu Santo en Castellano | ||
| 516 | _aTexto electrónico | ||
| 538 | _aAcceso a Internet; requiere usuario y clave asignada por la biblioteca | ||
| 650 | 4 | _aEspíritu Santo. | |
| 650 | 4 | _aVida cristiana. | |
| 700 | 1 |
_aAleixandre, Dolores. _eautor |
|
| 700 | 1 |
_aAlcaín, José Antonio. _eautor |
|
| 830 |
_aCuadernos de Teología Deusto _v17 |
||
| 856 | 4 | 0 |
_uhttp://site.ebrary.com/lib/unisbcsp/Doc?id=10732311 _b10732311 _zAbrir Versión electrónica del libro La vida cristiana bajo el impulso del espíritu |
| 942 | _cBK | ||
| 945 | _aJTF-925 | ||